Willy el soñador.

Spremljeno u:
Bibliografski detalji
Glavni autor: Browne, Anthony (autor)
Format: Nepoznato
Izdano: Ciudad de México, México: Fondo de Cultura Económica, 2001.
Izdanje:Segunda edición.
Serija:Colección Los Especiales de A la Orilla del Viento.
Teme:
Oznake: Dodaj oznaku
Bez oznaka, Budi prvi tko označuje ovaj zapis!

MARC

LEADER 00000 a2200000 4500
003 CL-VaPUC
005 20250415112630.0
008 230915t2001 ||||| |||| 00| 0 eng d
999 |c 441634  |d 441632 
020 |a 9789681663919  
040 |c Pontificia Universidad Católica de Valparaíso 
082 7 |a 808.068 BRO 2001   |2 22 
100 |a Browne, Anthony  |e autor  |9 864151 
245 |a Willy el soñador.  
250 |a Segunda edición.  
260 |a Ciudad de México, México:  |b Fondo de Cultura Económica,   |c 2001.  
300 |a [28] páginas :   |b ilustraciones.  
490 |a Colección Los Especiales de A la Orilla del Viento.  
583 |k GC  |c 20230915 
650 0 |a Literatura infantil   |9 307465  |x Cuentos 
942 |2 ddc  |c BK 
952 |0 0  |1 0  |2 ddc  |4 0  |6 808_068000000000000_BRO_2001  |7 0  |8 A  |9 591585  |a BIBEDU  |b BIBEDU  |c GEN  |d 2023-09-15  |e 3  |g 10722.00  |i 5658721  |l 2  |o 808.068 BRO 2001  |p 5658721  |r 2024-04-01  |s 2024-03-25  |t 1  |v 10722.00  |w 2023-09-15  |y BK  |k PAR